Развитие зарубежного высшего образования: общемировые тренды: монография

Λεπτομέρειες βιβλιογραφικής εγγραφής
Συγγραφή απο Οργανισμό/Αρχή: Национальный исследовательский Томский политехнический университет (ТПУ)
Άλλοι συγγραφείς: Перфильев Ю. С. Юрий Серафимович (редактор), Плотникова И. В. Инна Васильевна, Суржикова О. А. Ольга Анатольевна, Эдвардс Н. М. Наталья Михайловна, Сигов А. С.
Περίληψη:На основе сравнительного анализа авторским коллективом рассмотрены актуальные проблемы развития, реформирования и модернизации высшего образования в США, Франции, Германии, Великобритании, Чехии, Польше, Словакии, Швейцарии; проблемы качества, глобализации и интернационализации высшего образования. Тема раскрыта методами системного и полидис­циплинарного подходов. Особое внимание уделено новым требованиям к под­готовке современных специалистов (бакалавров и магистров). Дан сопостави­тельный анализ тенденций развития Болонского процесса и систем высшего образования, оценки эффективности инновационной деятельности и качества подготовки выпускников.Монография предназначена для научных и педагогических работников си­стемы управления высшей школой, для подготовки и повышения квалификации преподавателей технических вузов, студентов магистратуры и аспирантов.
Γλώσσα:Ρωσικά
Έκδοση: Томск, Изд-во ТПУ, 2015
Θέματα:
Μορφή: MixedMaterials Βιβλίο
KOHA link:https://koha.lib.tpu.ru/cgi-bin/koha/opac-detail.pl?biblionumber=312825

MARC

LEADER 00000nam0a2200000 4500
001 312825
005 20240203153635.0
010 |a 9785438705536 
035 |a (RuTPU)RU\TPU\book\338195 
090 |a 312825 
100 |a 20151229d2015 k y0rusy50 ca 
101 0 |a rus 
102 |a RU 
105 |a a z 001zy 
200 1 |a Развитие зарубежного высшего образования: общемировые тренды  |e монография  |f Ю. С. Перфильев [и др.]  |g Национальный исследовательский Томский политехнический университет (ТПУ) ; под ред. А. С. Сигова 
210 |a Томск  |c Изд-во ТПУ  |d 2015 
215 |a 179 с.  |c ил. 
320 |a Библиогр.: с. 176-178. 
330 |a На основе сравнительного анализа авторским коллективом рассмотрены актуальные проблемы развития, реформирования и модернизации высшего образования в США, Франции, Германии, Великобритании, Чехии, Польше, Словакии, Швейцарии; проблемы качества, глобализации и интернационализации высшего образования. Тема раскрыта методами системного и полидис­циплинарного подходов. Особое внимание уделено новым требованиям к под­готовке современных специалистов (бакалавров и магистров). Дан сопостави­тельный анализ тенденций развития Болонского процесса и систем высшего образования, оценки эффективности инновационной деятельности и качества подготовки выпускников.Монография предназначена для научных и педагогических работников си­стемы управления высшей школой, для подготовки и повышения квалификации преподавателей технических вузов, студентов магистратуры и аспирантов. 
606 1 |a Высшее образование  |x В отдельных зарубежных странах  |2 stltpush  |3 (RuTPU)RU\TPU\subj\3995  |9 32315 
610 1 |a высшее образование 
610 1 |a вузы 
610 1 |a зарубежные страны 
610 1 |a тренды 
610 1 |a реформирование 
610 1 |a модернизация 
610 1 |a США 
610 1 |a Франция 
610 1 |a Германия 
610 1 |a Великобритания 
610 1 |a Чехия 
610 1 |a Польша 
610 1 |a Словакия 
610 1 |a Швейцария 
610 1 |a глобализационные процессы 
610 1 |a интернационализация 
610 1 |a Болонский процесс 
610 1 |a системный подход 
610 1 |a инновационная деятельность 
610 1 |a качество 
610 1 |a труды учёных ТПУ 
686 |a Ч484(4/.8)  |2 rubbk 
701 1 |a Перфильев  |b Ю. С.  |g Юрий Серафимович 
701 1 |a Плотникова  |b И. В.  |c специалист в области качества  |c доцент Томского политехнического университета, кандидат технических наук  |f 1965-  |g Инна Васильевна  |3 (RuTPU)RU\TPU\pers\29656  |9 14169 
701 1 |a Суржикова  |b О. А.  |c экономист, специалист в области менеджмента  |c старший научный сотрудник Томского политехнического университета, кандидат экономических наук  |f 1982-  |g Ольга Анатольевна  |3 (RuTPU)RU\TPU\pers\29835 
701 1 |a Эдвардс  |b Н. М.  |g Наталья Михайловна 
702 1 |a Сигов  |b А. С.  |4 340 
712 0 2 |a Национальный исследовательский Томский политехнический университет (ТПУ)  |c (2009- )  |3 (RuTPU)RU\TPU\col\15902 
801 1 |a RU  |b 63413507  |c 20151229 
801 2 |a RU  |b 63413507  |c 20160115  |g RCR 
942 |c BK